| 000 | 00377nam a2200145Ia 4500 | ||
|---|---|---|---|
| 008 | 240624s9999 xx 000 0 und d | ||
| 041 | _aeng | ||
| 082 | _a658.314 WIL | ||
| 100 | _aWILLIAMS STEVE | ||
| 245 | _aINTRODUCING EMPLOYMENT RELATIONS A CRITI | ||
| 250 | _a(3rd ed.) | ||
| 260 |
_c2014 _aNew Delhi _bOxford |
||
| 300 | _axxvi, : 394 : p. : cm. ; 26 | ||
| 365 |
_cRS _b31 |
||
| 999 |
_c24807 _d24807 |
||